000 00452nam a2200181Ia 4500
001 7621
005 20260306160508.0
008 260306t2009||||xx |||||||||||||| ||spa||
041 _aESP
082 _a352.3
_bW933
100 _aWeerakkody, Vishanth
_eAUT
245 0 _aICT-Enabled transformational:
_ba global perspective
260 _c2009
300 _axxx, 550 páginas :
_c29 cm.
650 _aGEN
654 _aCAN
942 _cLIB
_dJUS
_fJUS
_2ddc
_n
999 _c7621
_d7621